[Event "18th American Continental"]
[Site "Foz do Iguacu BRA"]
[Date "2025.05.29"]
[Round "9.38"]
[White "Marrujo Pardo, Mauricio Emmanuel"]
[Black "Piasetski, Leon"]
[Result "1/2-1/2"]
[WhiteTitle "FM"]
[BlackTitle "IM"]
[WhiteElo "2349"]
[BlackElo "2153"]
[WhiteFideId "3943755"]
[BlackFideId "2600072"]
[EventDate "2025.05.23"]

1. e4 g6 2. d4 Bg7 3. Nc3 d6 4. Be3 a6 5. Qd2 b5 6. h4 h6 7. h5 g5 8. f4 gxf4 9.
Bxf4 Bb7 10. O-O-O Nd7 11. Nf3 Ngf6 12. e5 b4 13. Nb1 Nd5 14. Rh4 Nf8 15. Bd3
Ne6 16. Bh2 Ng5 17. Qe2 e6 18. Nbd2 Nc3 19. bxc3 bxc3 20. Rf4 cxd2+ 21. Rxd2 Qe7
22. Rd1 Bxf3 23. Rxf3 Nxf3 24. Qxf3 d5 25. Qg4 Qg5+ 26. Qxg5 hxg5 27. g4 Bf8 28.
Bg1 Bb4 29. Be3 c5 30. Bxg5 Rg8 31. Bf6 Rxg4 32. h6 Rg2 33. a4 c4 34. h7 Kd7 35.
h8=Q Rxh8 36. Bxh8 cxd3 37. Rxd3 Rg4 38. Bf6 Be7 39. Bxe7 Kxe7 40. Kb2 f6 41.
exf6+ Kxf6 42. c3 e5 43. dxe5+ Kxe5 44. Kb3 a5 45. Rh3 Rc4 46. Rh6 Rc5 47. Rb6
d4 48. cxd4+ Kxd4 49. Rd6+ Rd5 50. Rh6 Re5 51. Ra6 Rd5 1/2-1/2

[Event "18th American Continental"]
[Site "Foz do Iguacu BRA"]
[Date "2025.05.29"]
[Round "9.39"]
[White "Starke, Bruno Orlando"]
[Black "Piccoli, Lucas Fonseca"]
[Result "1/2-1/2"]
[WhiteElo "2143"]
[BlackElo "2284"]
[WhiteFideId "2128713"]
[BlackFideId "2190788"]
[EventDate "2025.05.23"]

1. c4 e6 2. Nf3 Nf6 3. g3 d5 4. d4 Bb4+ 5. Bd2 a5 6. Qc2 O-O 7. Bg2 c5 8. dxc5
d4 9. O-O Bxc5 10. Ne5 Nbd7 11. Nd3 e5 12. Nxc5 Nxc5 13. b4 axb4 14. Bxb4 Qb6
15. Bxc5 Qxc5 16. Nd2 Ra3 17. Qb2 Be6 18. Qxb7 Bxc4 19. Rfc1 Rc3 20. Rxc3 dxc3
21. Nxc4 Qxc4 22. Qb3 Qc7 23. Rc1 Rb8 24. Qxc3 Qxc3 25. Rxc3 Rb1+ 26. Bf1 Kf8
27. Rc2 Ra1 28. Kg2 e4 29. e3 Ng4 30. Be2 Ne5 31. g4 g5 32. Rb2 f6 33. h3 h5 34.
f4 gxf4 35. exf4 Ng6 36. Kg3 Rg1+ 37. Kf2 Rh1 38. Ke3 Ne7 39. Kxe4 f5+ 40. Ke5
Rxh3 41. Kf6 Nd5+ 42. Kxf5 Rh2 43. Ke5 Ne3 44. Rb8+ Ke7 45. Rb7+ Kd8 46. Bf3
Rxa2 47. Rh7 Rf2 48. Ke4 Nf1 49. Bd1 Rd2 50. Bb3 Re2+ 51. Kd4 Rf2 52. Ke5 Ne3
53. Be6 Rg2 54. Rg7 Re2 55. Kd6 Rd2+ 56. Kc5 1/2-1/2

[Event "18th American Continental"]
[Site "Foz do Iguacu BRA"]
[Date "2025.05.29"]
[Round "9.40"]
[White "Menna Barreto, Felipe Kubiaki"]
[Black "Borges, Guilherme Deola"]
[Result "1-0"]
[WhiteTitle "FM"]
[WhiteElo "2276"]
[BlackElo "2141"]
[WhiteFideId "2119757"]
[BlackFideId "2109085"]
[EventDate "2025.05.23"]

1. Nf3 c5 2. b3 b6 3. Bb2 Bb7 4. e3 e6 5. d4 Nf6 6. Bd3 cxd4 7. exd4 Be7 8. O-O
O-O 9. Nbd2 Nc6 10. a3 Rc8 11. Qe2 Nd5 12. g3 Re8 13. Rfe1 Nf6 14. Rad1 d6 15.
Qf1 Nb8 16. Qh3 h6 17. c4 a5 18. Rxe6 Bxf3 19. Nxf3 fxe6 20. Qxe6+ Kh8 21. Nh4
g6 22. Qf7 Rg8 23. Re1 Nc6 24. Nxg6+ Rxg6 25. Qxg6 Qf8 26. f4 d5 27. cxd5 Nb8
28. d6 Bd8 29. d5 1-0

[Event "18th American Continental"]
[Site "Foz do Iguacu BRA"]
[Date "2025.05.29"]
[Round "9.41"]
[White "Johnson, Joshua"]
[Black "Becker, Rogerio Sperb"]
[Result "1-0"]
[WhiteTitle "FM"]
[WhiteElo "2267"]
[BlackElo "2111"]
[WhiteFideId "7700768"]
[BlackFideId "22767797"]
[EventDate "2025.05.23"]

1. e4 c6 2. d4 d5 3. e5 c5 4. Nf3 Nc6 5. dxc5 Bg4 6. c3 Bxf3 7. Qxf3 Nxe5 8.
Bb5+ Nc6 9. b4 e6 10. O-O Nf6 11. Bb2 Be7 12. Nd2 O-O 13. a3 a5 14. Rfd1 Qc7 15.
Rab1 b6 16. cxb6 Qxb6 17. Bf1 Ne5 18. Qe2 Qc7 19. f4 1-0

[Event "18th American Continental"]
[Site "Foz do Iguacu BRA"]
[Date "2025.05.29"]
[Round "9.42"]
[White "Bauza, Alejandro"]
[Black "Silva, Caio Henrique Angelico"]
[Result "1-0"]
[WhiteTitle "FM"]
[WhiteElo "2119"]
[BlackElo "2261"]
[WhiteFideId "3000060"]
[BlackFideId "22777210"]
[EventDate "2025.05.23"]

1. c4 Nf6 2. Nc3 c5 3. g3 d5 4. cxd5 Nxd5 5. Bg2 Nc7 6. Qb3 Nc6 7. Bxc6+ bxc6 8.
Qa4 Bd7 9. Nf3 f6 10. Qa5 e5 11. d3 Ne6 12. Qxd8+ Kxd8 13. Be3 Nd4 14. Rc1 Be6
15. Nd2 Rb8 16. b3 Nf5 17. Na4 Nxe3 18. fxe3 Rb5 19. e4 h5 20. h3 Bd6 21. Nc4
Be7 22. Kf2 Kc7 23. Kg2 Rd8 24. Rc2 Rd4 25. Ne3 Ra5 26. Rhc1 Raxa4 27. bxa4 Rxa4
28. Rb2 Rb4 29. Nd5+ Bxd5 30. Rxb4 cxb4 31. exd5 c5 32. Kf3 a5 33. g4 h4 34. Ke4
g6 35. g5 fxg5 36. Kxe5 Bd6+ 37. Ke6 a4 38. e4 Bf4 39. Rxc5+ Kb6 40. Rc2 g4 41.
hxg4 h3 42. d6 Kb5 43. d7 Bg5 44. Rh2 b3 45. axb3 axb3 46. Rxh3 b2 47. Rh8 1-0

[Event "18th American Continental"]
[Site "Foz do Iguacu BRA"]
[Date "2025.05.29"]
[Round "9.43"]
[White "Lujan, Carolina"]
[Black "Donoso Simonetti, Alvaro Matias"]
[Result "1-0"]
[WhiteTitle "IM"]
[WhiteElo "2259"]
[BlackElo "1935"]
[WhiteFideId "109878"]
[BlackFideId "5198194"]
[EventDate "2025.05.23"]

1. e4 c5 2. Nf3 d6 3. d4 cxd4 4. Nxd4 Nf6 5. Bd3 Nc6 6. Nxc6 bxc6 7. O-O g6 8.
b3 Bg7 9. Bb2 O-O 10. Nc3 a5 11. Na4 Nd7 12. Qd2 Bxb2 13. Nxb2 Nc5 14. h4 Ba6
15. Rfe1 Bxd3 16. Nxd3 Qb6 17. a4 Nxd3 18. Qxd3 Qc5 19. Re3 Rfb8 20. Rd1 Rb4 21.
g3 Rab8 22. Kg2 Kg7 23. Rh1 h5 24. Rd1 Qe5 25. f4 Qc5 26. Rf1 Rh8 27. Rf2 d5 28.
exd5 Rd4 29. Qc3 Qxd5+ 30. Kh2 e6 31. Re5 Qd6 32. Rxa5 Kh6 33. Qc5 Rd8 34. Qxd6
R8xd6 35. Rc5 Rd1 36. Kg2 Kg7 37. a5 Kf6 38. Rf1 R1d2+ 39. Kf3 R2d5 40. Rxd5
exd5 41. b4 Rd7 42. a6 Ra7 43. Ra1 Ke6 44. Ke3 Kd6 45. Kd4 f6 1-0

[Event "18th American Continental"]
[Site "Foz do Iguacu BRA"]
[Date "2025.05.29"]
[Round "9.44"]
[White "Mayeregger, Arnold"]
[Black "Silva, Kaua Marques"]
[Result "0-1"]
[BlackTitle "FM"]
[WhiteElo "2122"]
[BlackElo "2254"]
[WhiteFideId "3705226"]
[BlackFideId "22701168"]
[EventDate "2025.05.23"]

1. Nf3 d5 2. e3 Nf6 3. c4 e6 4. b3 Bd6 5. Bb2 O-O 6. Nc3 Re8 7. Nb5 Be7 8. Be5
Na6 9. Be2 c6 10. Nc3 Ne4 11. O-O f6 12. Bg3 Kh8 13. Qc2 Nxg3 14. fxg3 e5 15. a3
d4 16. Ne4 dxe3 17. dxe3 Qb6 18. Kh1 Qxe3 19. Rae1 Qh6 20. b4 Nc7 21. Nh4 Rf8
22. Nc3 a5 23. c5 axb4 24. axb4 g6 25. Bd3 Re8 26. Ne4 Nd5 27. Bc4 Qg7 28. b5
Be6 29. Qb3 Rad8 30. Rd1 f5 31. Nd6 Bxd6 32. cxd6 e4 33. g4 fxg4 34. Bxd5 cxd5
35. Qg3 Rf8 36. Rxf8+ Rxf8 37. d7 Bxd7 0-1

[Event "18th American Continental"]
[Site "Foz do Iguacu BRA"]
[Date "2025.05.29"]
[Round "9.45"]
[White "Lima, Stefan Moisei VIeira"]
[Black "Giron Chavez, David Emanuel"]
[Result "1-0"]
[WhiteTitle "FM"]
[BlackTitle "FM"]
[WhiteElo "2241"]
[BlackElo "2108"]
[WhiteFideId "22782273"]
[BlackFideId "7300697"]
[EventDate "2025.05.23"]

1. d4 Nf6 2. Bg5 b6 3. Nd2 Bb7 4. e3 e6 5. Ngf3 c5 6. Bd3 cxd4 7. exd4 Be7 8.
O-O O-O 9. c3 d6 10. Qe2 Nbd7 11. a4 Nd5 12. Bxe7 Qxe7 13. g3 a6 14. Rfe1 N7f6
15. Ra3 Qc7 16. Ne4 Nxe4 17. Bxe4 Nf6 18. Bxb7 Qxb7 19. Nd2 d5 20. g4 g6 21. h3
Ne8 22. Raa1 Nd6 23. Qe5 Qc6 24. Kg2 Nc4 25. Nxc4 Qxc4 26. h4 Rfc8 27. h5 Qc7
28. hxg6 hxg6 29. Qf6 Qd8 30. Qf4 Qf8 31. Rh1 Qg7 32. Rh6 e5 33. Qh2 Qf6 34.
dxe5 Qg7 35. Rh1 1-0

[Event "18th American Continental"]
[Site "Foz do Iguacu BRA"]
[Date "2025.05.29"]
[Round "9.46"]
[White "Montevilla C., Elias Alejandro"]
[Black "Muniz, Francisco Allysson da S."]
[Result "0-1"]
[WhiteElo "1769"]
[BlackElo "2197"]
[WhiteFideId "3322211"]
[BlackFideId "2184753"]
[EventDate "2025.05.23"]

1. d4 d5 2. Nc3 Nf6 3. Bf4 Bf5 4. e3 e6 5. Bd3 Bg6 6. h4 Bb4 7. Ne2 Nbd7 8. f3
c5 9. a3 Bxc3+ 10. Nxc3 Bxd3 11. Qxd3 c4 12. Qd2 Nh5 13. Bd6 Qb6 14. Bh2 f5 15.
g4 fxg4 16. fxg4 Nhf6 17. g5 Ng4 18. Bf4 h6 19. O-O-O O-O 20. e4 Qc6 21. Rde1
Rf7 22. Bg3 Nb6 23. Rhg1 g6 24. Qe2 Raf8 25. exd5 exd5 26. Qe6 Qxe6 27. Rxe6
Rf1+ 28. Rxf1 Rxf1+ 29. Kd2 Kf7 30. Re2 Rf5 31. Nb5 c3+ 32. bxc3 Nc4+ 33. Ke1
Rf3 34. Nd6+ Nxd6 35. Bxd6 Ne3 36. Bb4 Rf1+ 37. Kd2 Nc4+ 0-1

[Event "18th American Continental"]
[Site "Foz do Iguacu BRA"]
[Date "2025.05.29"]
[Round "9.64"]
[White "Souza Neves, Andrey M."]
[Black "Kaneda, Eric Kazuichi"]
[Result "0-1"]
[WhiteTitle "FM"]
[WhiteElo "2138"]
[BlackElo "1949"]
[WhiteFideId "2101815"]
[BlackFideId "2141337"]
[EventDate "2025.05.23"]

1. e4 c6 2. d4 d5 3. Nc3 dxe4 4. Nxe4 Nf6 5. Nxf6+ exf6 6. Bc4 Bd6 7. Qe2+ Be7
8. Nf3 b5 9. Bb3 O-O 10. O-O a5 11. c3 Bd6 12. Re1 Qc7 13. Bc2 Nd7 14. Qe4 g6
15. Bh6 Rd8 16. Qh4 c5 17. Be4 Bb7 18. d5 Re8 19. Rad1 Re7 20. Bd3 c4 21. Rxe7
Bxe7 22. Be4 Nc5 23. d6 Bxd6 24. Bxb7 Nxb7 25. Qxf6 Bf8 26. Bf4 Be7 27. Qxf7+
Kxf7 28. Bxc7 Nc5 29. Nd4 b4 30. Nc6 Nd3 31. Ne5+ Nxe5 32. Bxe5 b3 33. a4 Rd8
34. Rxd8 Bxd8 35. Kf1 Bg5 36. Bd6 Ke6 37. Ba3 h5 38. Ke2 Kf5 39. f3 Bf4 40. g3
Be5 41. f4 Bf6 42. Kf3 g5 43. fxg5 Bxg5 44. h3 Ke5 45. h4 Bc1 46. g4 hxg4+ 47.
Kxg4 Ke4 48. h5 Kd3 49. Kf5 Kc2 50. Ke4 Bxb2 51. Bxb2 Kxb2 52. h6 Ka3 53. h7 b2
54. h8=Q b1=Q+ 55. Kd5 Qd3+ 56. Kc5 Kxa4 57. Qe8+ Ka3 58. Qb5 Qxc3 59. Qxc4 Qb4+
60. Kd4 a4 0-1

[Event "18th American Continental"]
[Site "Foz do Iguacu BRA"]
[Date "2025.05.29"]
[Round "9.65"]
[White "Caceres Benitez, Fernando Israel"]
[Black "Librelato, Kathie Goulart"]
[Result "0-1"]
[BlackTitle "WIM"]
[WhiteElo "1929"]
[BlackElo "2138"]
[WhiteFideId "3710777"]
[BlackFideId "2153963"]
[EventDate "2025.05.23"]

1. e4 c5 2. Nf3 d6 3. d4 cxd4 4. Nxd4 Nf6 5. Nc3 Nc6 6. Bg5 e6 7. Qd3 Bd7 8.
O-O-O a6 9. f4 Be7 10. Nf3 Qa5 11. Kb1 O-O 12. Bxf6 Bxf6 13. Ne2 Rfd8 14. g4 Nb4
15. Qb3 Ba4 0-1

[Event "18th American Continental"]
[Site "Foz do Iguacu BRA"]
[Date "2025.05.29"]
[Round "9.66"]
[White "Torales G., Ivan Alejandro B."]
[Black "Cella, Glaucio Dalla Cortt"]
[Result "1/2-1/2"]
[WhiteTitle "FM"]
[WhiteElo "2089"]
[BlackElo "1936"]
[WhiteFideId "3710785"]
[BlackFideId "2119455"]
[EventDate "2025.05.23"]

1. e4 c5 2. Nf3 e6 3. c3 d5 4. exd5 Qxd5 5. d4 Nf6 6. Be2 Be7 7. O-O O-O 8. Be3
Ng4 9. Bf4 Nc6 10. h3 Nf6 11. Be3 b6 12. c4 Qd7 13. dxc5 Bxc5 14. Bxc5 bxc5 15.
Nc3 Qe7 16. Qd2 Rd8 17. Qe3 Nd4 18. Rad1 Nxe2+ 19. Nxe2 Bb7 20. Nc3 Rac8 21. Ne5
h6 22. b3 Nd7 23. Na4 Nxe5 24. Qxe5 Rxd1 25. Rxd1 Bc6 26. Qxc5 Qb7 27. Qa5 Bxg2
28. Rd8+ Rxd8 29. Qxd8+ Kh7 30. Qd3+ f5 31. Nc5 Qc6 32. Nxe6 Be4 33. Qd7 Qxd7
34. Nf8+ Kg8 35. Nxd7 Kf7 36. Nc5 Bb1 37. a3 Ke7 38. Kf1 g5 39. f3 Kd6 40. b4
Ke5 41. Ke2 Kd4 42. Nb3+ Kc3 43. Na5 Bd3+ 44. Ke3 f4+ 45. Kf2 Bxc4 46. Nc6 a6
47. a4 Bb3 48. Nb8 Bxa4 49. Nxa6 Bd7 50. Nc5 Bxh3 51. b5 Kc4 52. b6 h5 53. Ne4
Kd4 54. Nxg5 Bc8 55. Nh3 Bb7 56. Nxf4 Kc5 57. Nxh5 Bxf3 1/2-1/2

[Event "18th American Continental"]
[Site "Foz do Iguacu BRA"]
[Date "2025.05.29"]
[Round "9.67"]
[White "Cordero, Daniela"]
[Black "Carcamo, Matias"]
[Result "1-0"]
[WhiteTitle "WIM"]
[WhiteElo "1923"]
[BlackElo "2077"]
[WhiteFideId "3301630"]
[BlackFideId "115541"]
[EventDate "2025.05.23"]

1. d4 d5 2. Nf3 Nf6 3. c4 c6 4. Qc2 g6 5. e3 Bg7 6. Be2 O-O 7. O-O b6 8. Nc3 Bf5
9. Qb3 a5 10. cxd5 Nxd5 11. Nxd5 cxd5 12. Bb5 e6 13. Qa4 Na6 14. Bd2 Nc7 15. Bc6
Ra7 16. Rfc1 Bg4 17. Ne5 Bxe5 18. dxe5 Be2 19. Bc3 b5 20. Qc2 Bc4 21. Bd4 Ra6
22. Bb7 b4 23. b3 Nb5 24. Bxa6 Na3 25. Qd1 Bxa6 26. Rc6 Qa8 27. Rac1 Bb7 28.
R6c5 a4 29. Qd2 axb3 30. axb3 Nc4 31. Qxb4 1-0

[Event "18th American Continental"]
[Site "Foz do Iguacu BRA"]
[Date "2025.05.29"]
[Round "9.68"]
[White "Acosta, Franco Emanuel"]
[Black "Oviedo Acosta, Paula"]
[Result "1-0"]
[BlackTitle "WFM"]
[WhiteElo "2075"]
[BlackElo "1920"]
[WhiteFideId "130265"]
[BlackFideId "3704394"]
[EventDate "2025.05.23"]

1. e4 c5 2. Nf3 a6 3. c3 g6 4. d4 cxd4 5. cxd4 d5 6. Qa4+ Bd7 7. Qb3 dxe4 8. Ne5
Be6 9. Qxb7 Bd5 10. Bc4 Bxc4 11. Qxa8 Bd5 12. Qa7 f6 13. Nc3 fxe5 14. Nxd5 Nc6
15. Qc5 Nxd4 16. O-O Bg7 17. Be3 Ne6 18. Qc6+ Kf7 19. f4 exf3 20. Rad1 Qb8 21.
Rxf3+ Bf6 22. Nxf6 exf6 23. Rd6 Nf4 24. Qc4+ Ke8 25. Qc6+ Kf7 26. Qd7+ Ne7 27.
Bxf4 exf4 28. Qe6+ Ke8 29. Rd7 Qb4 30. Rc3 Kf8 31. Rc8+ Kg7 32. Qxe7+ 1-0

[Event "18th American Continental"]
[Site "Foz do Iguacu BRA"]
[Date "2025.05.29"]
[Round "9.69"]
[White "Guimaraes, Marcelo Cunha"]
[Black "Silva, Juliana Figueira Theophilo"]
[Result "1-0"]
[BlackTitle "WFM"]
[WhiteElo "2064"]
[BlackElo "1919"]
[WhiteFideId "2118068"]
[BlackFideId "22781684"]
[EventDate "2025.05.23"]

1. Nf3 c5 2. g3 d5 3. c4 Nf6 4. Bg2 e6 5. cxd5 exd5 6. d4 b6 7. O-O Be7 8. Nc3
Bb7 9. Bg5 Nbd7 10. Qc2 O-O 11. Rfd1 Ne4 12. Be3 Bf6 13. Nd2 Nxc3 14. bxc3 Rc8
15. Qf5 cxd4 16. cxd4 g6 17. Qf4 Bg7 18. Rac1 Nf6 19. Bh3 Rc6 20. Rxc6 Bxc6 21.
Rc1 Nh5 22. Qg4 Qd6 23. Qf3 f5 24. Bf4 Nxf4 25. Qxf4 Qxf4 26. gxf4 Rf6 27. Bg2
Kf8 28. Nf3 Bb5 29. Ne5 Rd6 30. Rc8+ Be8 31. e3 Bxe5 32. dxe5 Rc6 33. Rxc6 Bxc6
34. Kf1 Bb5+ 35. Ke1 Bc4 36. a3 Ke7 37. Kd2 Kd7 38. Kc3 h6 39. Kd4 Ke6 40. h4 a6
41. Bf3 h5 42. Bg2 a5 43. f3 Bb3 44. e4 Bc4 45. Bh3 Bb3 46. Bf1 dxe4 47. fxe4
Ba2 48. Bc4+ Bxc4 49. exf5+ Kxf5 50. Kxc4 g5 51. fxg5 Kxe5 52. Kb5 1-0

[Event "18th American Continental"]
[Site "Foz do Iguacu BRA"]
[Date "2025.05.29"]
[Round "9.70"]
[White "Mayeregger Gonzalez, Renata Valentina"]
[Black "Markzon, Gregory"]
[Result "0-1"]
[WhiteTitle "WCM"]
[BlackTitle "FM"]
[WhiteElo "1905"]
[BlackElo "2056"]
[WhiteFideId "3708900"]
[BlackFideId "2003694"]
[EventDate "2025.05.23"]

1. e4 e5 2. Nf3 Nc6 3. d4 exd4 4. Nxd4 Bc5 5. Nb3 Bb4+ 6. Bd2 Bxd2+ 7. Qxd2 Nf6
8. Nc3 O-O 9. O-O-O d6 10. Be2 Re8 11. f3 a5 12. a4 Be6 13. Kb1 Nb4 14. Nb5 Bxb3
15. cxb3 d5 16. Qf4 Re7 17. Rhe1 c6 18. Nd4 Qb8 19. Qxb8+ Rxb8 20. exd5 Nfxd5
21. Bf1 Rbe8 22. Rxe7 Rxe7 23. Bc4 g6 24. Bxd5 Nxd5 25. Kc1 f5 26. Kd2 Kf7 27.
Re1 Rd7 28. Kc1 Nf4 29. Rd1 Rxd4 30. Rxd4 Ne2+ 31. Kd2 Nxd4 32. Kc3 Ne6 33. b4
axb4+ 34. Kxb4 b6 35. a5 bxa5+ 36. Kxa5 Kf6 37. Kb6 Nd4 0-1

[Event "18th American Continental"]
[Site "Foz do Iguacu BRA"]
[Date "2025.05.29"]
[Round "9.71"]
[White "Cordeiro, Marco Aurelio Zaror"]
[Black "Pereira Vera, Henry Alberto"]
[Result "1-0"]
[WhiteElo "2048"]
[BlackElo "1913"]
[WhiteFideId "2117991"]
[BlackFideId "4433270"]
[EventDate "2025.05.23"]

1. e4 d5 2. exd5 Qxd5 3. Nc3 Qd6 4. d4 Nf6 5. Bc4 c6 6. Nge2 g6 7. O-O Bg7 8.
Bf4 Qd8 9. Qd2 O-O 10. Bh6 b5 11. Bxg7 Kxg7 12. Bb3 a5 13. a3 Ba6 14. Rad1 Nbd7
15. Rfe1 c5 16. dxc5 Nxc5 17. Qe3 Qc7 18. Nd5 Nxd5 19. Bxd5 Rac8 20. b4 axb4 21.
axb4 Na4 22. Bb3 Nb6 23. Nd4 Rce8 24. Bxf7 Kxf7 25. Ne6 Qb8 26. Qh6 Kf6 1-0

[Event "18th American Continental"]
[Site "Foz do Iguacu BRA"]
[Date "2025.05.29"]
[Round "9.72"]
[White "Bosco, Giuliana"]
[Black "Barrera Caicedo, Hubert"]
[Result "0-1"]
[WhiteTitle "WCM"]
[WhiteElo "1998"]
[BlackElo "1910"]
[WhiteFideId "142611"]
[BlackFideId "3908062"]
[EventDate "2025.05.23"]

1. e4 d6 2. d4 Nf6 3. Nc3 e5 4. Nf3 Nbd7 5. Bc4 h6 6. O-O Be7 7. h3 O-O 8. Be3
c6 9. a4 Re8 10. Qd2 Bf8 11. Rad1 Qc7 12. Rfe1 exd4 13. Bxd4 Ne5 14. Be2 a6 15.
Nh4 b5 16. f4 b4 17. Na2 Nxe4 18. Qe3 Nd7 19. Qf3 c5 20. Bd3 d5 21. Bf2 Bb7 22.
Nf5 Ndf6 23. Bh4 g5 24. fxg5 hxg5 25. Bf2 Qf4 26. Qxf4 gxf4 27. Bh4 Bc8 28. g4
fxg3 29. Nxg3 Nxg3 30. Rxe8 Nxe8 31. Bxg3 Bxh3 32. Kh2 Bg4 33. Rg1 f5 34. Be5
Kf7 35. Rf1 Bd6 36. Re1 c4 37. Bf1 Bc5 38. Bg2 Rd8 39. c3 b3 40. Nb4 Bxb4 41.
cxb4 Nf6 42. Kg3 d4 43. b5 axb5 44. axb5 d3 45. Bf3 d2 46. Rd1 Ne4+ 47. Kg2 Rd5
48. Bf4 Rxb5 49. Bxd2 Bxf3+ 50. Kxf3 Rd5 0-1

[Event "18th American Continental"]
[Site "Foz do Iguacu BRA"]
[Date "2025.05.29"]
[Round "9.73"]
[White "El Zwei, Aiman Mohamed"]
[Black "Eger, Laura Luisa"]
[Result "1-0"]
[WhiteElo "1980"]
[BlackElo "1896"]
[WhiteFideId "44733909"]
[BlackFideId "22704825"]
[EventDate "2025.05.23"]

1. d4 d5 2. Nf3 Nf6 3. c4 c6 4. Nc3 dxc4 5. a4 Bf5 6. Ne5 e6 7. e3 Bb4 8. Nxc4
O-O 9. Be2 Nbd7 10. O-O Qe7 11. Qb3 a5 12. Na2 c5 13. Nxb4 cxb4 14. Bf3 Be4 15.
Bxe4 Nxe4 16. f3 Nd6 17. Nxd6 Qxd6 18. Rd1 Qd5 19. Qxd5 exd5 20. Bd2 Rac8 21.
Rac1 Rfe8 22. Kf2 Nf6 23. Rxc8 Rxc8 24. Rc1 Rxc1 25. Bxc1 Kf8 26. Ke2 Ke7 27.
Kd3 Kd6 28. e4 Kc6 29. Bg5 Nd7 30. Bd8 b6 31. Be7 Nb8 32. g4 Kd7 33. Bf8 dxe4+
34. fxe4 g6 35. d5 Na6 36. Kc4 Nc7 37. e5 Kc8 38. Bd6 Ne8 39. g5 Ng7 40. Bf8 Nh5
41. Kb5 Kb7 42. e6 fxe6 43. dxe6 Nf4 44. e7 Nd5 1-0

[Event "18th American Continental"]
[Site "Foz do Iguacu BRA"]
[Date "2025.05.29"]
[Round "9.74"]
[White "Gomes, Maria Eduarda Papini"]
[Black "Bail, Ellen Larissa"]
[Result "0-1"]
[WhiteElo "1858"]
[BlackElo "1964"]
[WhiteFideId "2158957"]
[BlackFideId "2142171"]
[EventDate "2025.05.23"]

1. d4 d5 2. c4 e6 3. Nc3 Nf6 4. cxd5 exd5 5. Bg5 c6 6. e3 Be7 7. Bd3 Nbd7 8. Qc2
Nh5 9. Bxe7 Qxe7 10. Nge2 Nb6 11. h3 g6 12. g4 Ng7 13. Ng3 h5 14. O-O-O Bd7 15.
e4 dxe4 16. Ngxe4 O-O-O 17. d5 Kb8 18. d6 Qe5 19. f3 Be6 20. Rhe1 hxg4 21. hxg4
Qf4+ 22. Kb1 Qxf3 23. Be2 Qf4 24. Rf1 Qe5 25. b4 Rh2 26. Rg1 Nc4 27. Qd3 Na3+
28. Kc1 Bc4 29. Qe3 Bxe2 30. Nxe2 Qa1+ 31. Kd2 Qxa2+ 0-1

[Event "18th American Continental"]
[Site "Foz do Iguacu BRA"]
[Date "2025.05.29"]
[Round "9.75"]
[White "Arias Diaz, Javier Alonso"]
[Black "Deretti, Lucas Jurk"]
[Result "1/2-1/2"]
[WhiteElo "1962"]
[BlackElo "1862"]
[WhiteFideId "3441318"]
[BlackFideId "22779825"]
[EventDate "2025.05.23"]

1. d4 Nf6 2. c4 g6 3. Nc3 Bg7 4. e4 d6 5. Nge2 O-O 6. Ng3 e5 7. d5 a5 8. Be2 Na6
9. h4 Nc5 10. h5 Bd7 11. Be3 c6 12. f3 cxd5 13. cxd5 a4 14. Qd2 Qa5 15. Bh6 a3
16. Bxg7 Kxg7 17. b3 Rfc8 18. Rc1 Nxb3 19. axb3 a2 20. h6+ Kf8 21. O-O 1/2-1/2

[Event "18th American Continental"]
[Site "Foz do Iguacu BRA"]
[Date "2025.05.29"]
[Round "9.76"]
[White "Moura, Bernardo Lalane Mascarenha"]
[Black "Andrade, Roberto Luiz Costa"]
[Result "0-1"]
[BlackTitle "FM"]
[WhiteElo "1854"]
[BlackElo "1959"]
[WhiteFideId "44704976"]
[BlackFideId "2101521"]
[EventDate "2025.05.23"]

1. d4 Nf6 2. c4 g6 3. f3 c5 4. d5 Bg7 5. Nc3 O-O 6. e4 d6 7. Be3 Qb6 8. Qd2 e6
9. Nge2 exd5 10. cxd5 Re8 11. Ng3 Na6 12. Be2 Bd7 13. O-O Rab8 14. Rab1 Qc7 15.
Nb5 Bxb5 16. Bxb5 Re7 17. Bh6 Bh8 18. Nf5 Re5 19. g4 c4 20. Kh1 Qc5 21. a4 Rd8
22. Rg1 Qc7 23. Rbc1 Nc5 24. Rxc4 a6 25. b4 axb5 26. Rxc5 dxc5 27. d6 Qc6 28.
Qf4 Rxf5 29. gxf5 Rxd6 30. fxg6 hxg6 31. axb5 Qd7 32. bxc5 Re6 33. Qb8+ Re8 34.
Qf4 Qh3 35. c6 bxc6 36. bxc6 Nh5 37. Qe3 Be5 38. Rg2 Ra8 39. Qf2 Ra1+ 40. Rg1
Ng3+ 41. Qxg3 Bxg3 42. Rxa1 Qxh2# 0-1

[Event "18th American Continental"]
[Site "Foz do Iguacu BRA"]
[Date "2025.05.29"]
[Round "9.77"]
[White "Mereles Riquelme, Mauricio"]
[Black "Aguinaga, Maximiliano"]
[Result "0-1"]
[WhiteElo "1615"]
[BlackElo "2226"]
[WhiteFideId "3708322"]
[BlackFideId "119300"]
[EventDate "2025.05.23"]

1. e4 c5 2. Nf3 d6 3. d4 cxd4 4. Nxd4 Nf6 5. Nc3 a6 6. Bg5 e6 7. f4 Be7 8. Qf3
Qc7 9. O-O-O h6 10. Bh4 Nbd7 11. h3 b5 12. g4 Bb7 13. Bxf6 gxf6 14. f5 e5 15.
Nb3 Rc8 16. Rh2 Nb6 17. Kb1 Nc4 18. Bxc4 bxc4 19. Nc1 Qa5 20. Rhd2 Bc6 21. Nd5
Bd8 22. Qc3 Qxc3 23. Nxc3 Bc7 24. Nd5 Bxd5 25. Rxd5 h5 26. R5d2 hxg4 27. hxg4
Rh4 28. Rg2 Ke7 29. Ne2 Rg8 30. Nc3 Kd7 31. Nd5 Bd8 32. Rdg1 Rgh8 33. b4 Rh2 34.
a4 Rxg2 35. Rxg2 Rh1+ 36. Kb2 Re1 37. Nc3 Bb6 38. Nd5 Bd8 39. Nc3 Kc6 40. a5 Rh1
41. Ka2 Be7 42. Nd5 Bd8 43. Ka3 Re1 44. Nc3 Re3 45. Kb2 Rh3 46. Nd5 Kd7 47. c3
Kc6 48. Kc2 Rh1 49. Kb2 Re1 50. Nxf6 Bxf6 51. g5 Bg7 52. Rh2 Rxe4 53. Rh7 Rf4
54. g6 Rf2+ 55. Kc1 fxg6 56. fxg6 Bf6 57. Ra7 Kb5 58. Kd1 e4 59. Rf7 Rf3 60. Ke2
Bxc3 61. Rxf3 exf3+ 62. Kxf3 Kxb4 63. Ke2 Kxa5 0-1